Mi tierra: Panorama, reminiscencias, escritores y folklore

保存先:
書誌詳細
第一著者: Edwards, Agustín (autor)
フォーマット: 図書
言語:スペイン語
出版事項: Valparaíso Sociedad Imprenta y Litografía Universo 1928
版:1a. ed
主題:
タグ: タグ追加
タグなし, このレコードへの初めてのタグを付けませんか!

MARC

LEADER 00000nam a2200000 a 4500
001 UCJ5195
003 CL-VaPUC
008 070124e19280000CL |||||||||||||||||spa|d
082 0 4 |a 983  |b EDW  |2 21 
100 |a Edwards, Agustín  |e autor   |9 321017 
245 1 0 |a Mi tierra: Panorama, reminiscencias, escritores y folklore 
250 |a 1a. ed 
300 |a 393 p 
942 |c BK 
945 |d 20070124 00:00:00  |a rinostro 
260 |a Valparaíso  |b Sociedad Imprenta y Litografía Universo  |c 1928 
500 |a En cubierta original, fotografía de Don Agustín; mapa de Chile anterior al Plebiscito de Tacna y Arica; ilustraciones conforme al índice 
650 0 |a Geografía  |9 259346 
650 0 |a Recursos naturales  |9 255232 
650 7 |a FLORA  |2 CL-VaPUC  |9 264745 
650 7 |a FAUNA  |2 CL-VaPUC  |9 349523 
650 0 |a Cultura  |9 269059 
650 0 |a Literatura  |9 259151 
650 0 |a Historiografía   |9 257871 
650 0 |a Prensa y periodismo   |z Chile  |9 504409 
650 7 |a FOLKLORE  |2 CL-VaPUC  |9 268291 
650 7 |a TRADICIONES  |2 CL-VaPUC  |9 367367 
650 0 |a Cultura  |9 269059 
650 7 |a CALLES Y PASEOS  |2 CL-VaPUC  |9 329702 
650 7 |a PAREMIOLOGIA  |2 CL-VaPUC  |9 504587 
650 7 |a REFRANERO CHILENO  |2 CL-VaPUC  |9 510070 
650 0 |a Iconografía   |9 267998 
650 0 |a Ilustraciones  |9 369481 
650 0 |a Mapas  |9 260844 
651 7 |a CHILE  |2 CL-VaPUC  |9 510071 
583 |a last modification  |c 20070124 00:00:00  |k Rodrigo Vera 
999 |c 321308  |d 321306 
952 |0 0  |1 0  |4 0  |6 983_000000000000000_EDW_1928  |7 0  |8 X  |9 400018  |a FDOBUD  |b FDOBUD  |d 2019-11-22  |i 1031163  |o 983 EDW 1928  |p 1031163  |r 2019-11-22  |w 2019-11-22  |y BK_X  |k BUD